<?xml version="1.0" encoding="UTF-8"?>
<record
    xmlns:xsi="http://www.w3.org/2001/XMLSchema-instance"
    xsi:schemaLocation="http://www.loc.gov/MARC21/slim http://www.loc.gov/standards/marcxml/schema/MARC21slim.xsd"
    xmlns="http://www.loc.gov/MARC21/slim">

  <leader>01243nam a2200229Ia 4500</leader>
  <controlfield tag="001">10604</controlfield>
  <controlfield tag="003">GE_BSU</controlfield>
  <controlfield tag="008">181216s||||||||xx |||||||||||||| ||und||</controlfield>
  <datafield tag="020" ind1=" " ind2=" ">
    <subfield code="a">9789941446092</subfield>
  </datafield>
  <datafield tag="040" ind1=" " ind2=" ">
    <subfield code="c">GE_BSU</subfield>
  </datafield>
  <datafield tag="100" ind1=" " ind2=" ">
    <subfield code="a">&#x10D1;&#x10D0;&#x10E5;&#x10E0;&#x10D0;&#x10EB;&#x10D4;,&#x10D0;&#x10D9;&#x10D0;&#x10D9;&#x10D8;</subfield>
  </datafield>
  <datafield tag="245" ind1=" " ind2=" ">
    <subfield code="a">&#x10E1;&#x10D9;&#x10DD;&#x10DA;&#x10D0;&#x10E1;:&#x10D3;&#x10D0;&#x10DB;&#x10EE;&#x10DB;&#x10D0;&#x10E0;&#x10D4; &#x10E1;&#x10D0;&#x10EE;&#x10D4;&#x10DA;&#x10DB;&#x10EB;&#x10E6;&#x10D5;. &#x10E5;&#x10D0;&#x10E0;&#x10D7;&#x10E3;&#x10DA; &#x10DA;&#x10D8;&#x10E2;&#x10D4;&#x10E0;&#x10D4;&#x10E2;&#x10E3;&#x10E0;&#x10D0;&#x10E8;&#x10D8; &#x10E1;&#x10D0;&#x10E8;.&#x10E1;&#x10D9;&#x10DD;&#x10DA;&#x10D4;&#x10D1;&#x10D8;&#x10E1;&#x10D0;&#x10D7;&#x10D5;&#x10D8;&#x10E1;</subfield>
  </datafield>
  <datafield tag="245" ind1=" " ind2=" ">
    <subfield code="c">&#x10E8;&#x10D4;&#x10DB;&#x10D3;&#x10D2;.&#x10E0;&#x10D4;&#x10D3;:&#x10D0;&#x10DB;&#x10D8;&#x10E0;&#x10D0;&#x10DC; &#x10D2;&#x10DD;&#x10DB;&#x10D0;&#x10E0;&#x10D7;&#x10D4;&#x10DA;&#x10D8;,&#x10DA;&#x10D4;&#x10D5;&#x10D0;&#x10DC; &#x10D1;&#x10E0;&#x10D4;&#x10D2;&#x10D0;&#x10EB;&#x10D4;. &#x10E1;&#x10D0;&#x10D2;&#x10D0;&#x10DB;&#x10DD;&#x10DB;&#x10EA;.&#x10EF;&#x10D2;:&#x10D4;&#x10D7;&#x10D4;&#x10E0; &#x10D1;&#x10D0;&#x10D8;&#x10D3;&#x10DD;&#x10E8;&#x10D5;&#x10D8;&#x10DA;&#x10D8;,&#x10DC;&#x10D8;&#x10DC;&#x10DD; &#x10D2;&#x10E3;&#x10E0;&#x10D0;&#x10E1;&#x10DE;&#x10D0;&#x10E3;&#x10DA;&#x10D8; &#x10D3;&#x10D0; &#x10E1;&#x10EE;&#x10D5;. &#x10D2;&#x10D0;&#x10E0;&#x10D4;&#x10D9;&#x10D0;&#x10DC;&#x10D8;&#x10E1; &#x10D3;&#x10D8;&#x10D6;&#x10D0;&#x10D8;&#x10DC;&#x10D8;:&#x10D8;&#x10DA;&#x10D8;&#x10D0; &#x10EE;&#x10D4;&#x10DA;&#x10D0;&#x10D8;&#x10D0;&#x10E1;&#x10D8;.</subfield>
  </datafield>
  <datafield tag="260" ind1=" " ind2=" ">
    <subfield code="a">&#x10D7;&#x10D1;&#x10D8;&#x10DA;&#x10D8;&#x10E1;&#x10D8;</subfield>
  </datafield>
  <datafield tag="260" ind1=" " ind2=" ">
    <subfield code="b">&#x10D8;&#x10DC;&#x10E2;&#x10D4;&#x10DA;&#x10D4;&#x10E5;&#x10E2;&#x10D8;</subfield>
  </datafield>
  <datafield tag="260" ind1=" " ind2=" ">
    <subfield code="c">2013</subfield>
  </datafield>
  <datafield tag="300" ind1=" " ind2=" ">
    <subfield code="a">460&#x10D2;&#x10D5;;22&#x10E1;&#x10DB;</subfield>
  </datafield>
  <datafield tag="300" ind1=" " ind2=" ">
    <subfield code="b">1&#x10E4;.&#x10DE;&#x10DD;&#x10E0;&#x10E2;&#x10E0;.&#x10D2;&#x10D0;&#x10E0;&#x10D4;&#x10D9;&#x10D0;&#x10DC;&#x10D6;&#x10D4;.</subfield>
  </datafield>
  <datafield tag="541" ind1=" " ind2=" ">
    <subfield code="h">12&#x10DA;.</subfield>
  </datafield>
  <datafield tag="653" ind1=" " ind2=" ">
    <subfield code="a">&#x10E1;&#x10D9;&#x10DD;&#x10DA;&#x10D0;&#x10E1;:&#x10D3;&#x10D0;&#x10DB;&#x10EE;&#x10DB;&#x10D0;&#x10E0;&#x10D4; &#x10E1;&#x10D0;&#x10EE;&#x10D4;&#x10DA;&#x10DB;&#x10EB;&#x10E6;&#x10D5;. &#x10E5;&#x10D0;&#x10E0;&#x10D7;&#x10E3;&#x10DA; &#x10DA;&#x10D8;&#x10E2;&#x10D4;&#x10E0;&#x10D4;&#x10E2;&#x10E3;&#x10E0;&#x10D0;&#x10E8;&#x10D8; &#x10E1;&#x10D0;&#x10E8;.&#x10E1;&#x10D9;&#x10DD;&#x10DA;&#x10D4;&#x10D1;&#x10D8;&#x10E1;&#x10D0;&#x10D7;&#x10D5;&#x10D8;&#x10E1;</subfield>
  </datafield>
  <datafield tag="942" ind1=" " ind2=" ">
    <subfield code="c">BK</subfield>
  </datafield>
  <datafield tag="999" ind1=" " ind2=" ">
    <subfield code="c">43856</subfield>
    <subfield code="d">43856</subfield>
  </datafield>
  <datafield tag="952" ind1=" " ind2=" ">
    <subfield code="0">0</subfield>
    <subfield code="1">0</subfield>
    <subfield code="4">0</subfield>
    <subfield code="7">0</subfield>
    <subfield code="9">55990</subfield>
    <subfield code="d">2018-12-17</subfield>
    <subfield code="p">34781</subfield>
    <subfield code="r">2018-12-17</subfield>
    <subfield code="w">2018-12-17</subfield>
    <subfield code="y">BK</subfield>
  </datafield>
  <datafield tag="952" ind1=" " ind2=" ">
    <subfield code="0">0</subfield>
    <subfield code="1">0</subfield>
    <subfield code="4">0</subfield>
    <subfield code="7">0</subfield>
    <subfield code="9">55991</subfield>
    <subfield code="d">2018-12-17</subfield>
    <subfield code="p">34782</subfield>
    <subfield code="r">2018-12-17</subfield>
    <subfield code="w">2018-12-17</subfield>
    <subfield code="y">BK</subfield>
  </datafield>
  <datafield tag="952" ind1=" " ind2=" ">
    <subfield code="0">0</subfield>
    <subfield code="1">0</subfield>
    <subfield code="4">0</subfield>
    <subfield code="7">0</subfield>
    <subfield code="9">55992</subfield>
    <subfield code="d">2018-12-17</subfield>
    <subfield code="p">34783</subfield>
    <subfield code="r">2018-12-17</subfield>
    <subfield code="w">2018-12-17</subfield>
    <subfield code="y">BK</subfield>
  </datafield>
  <datafield tag="952" ind1=" " ind2=" ">
    <subfield code="0">0</subfield>
    <subfield code="1">0</subfield>
    <subfield code="4">0</subfield>
    <subfield code="7">0</subfield>
    <subfield code="9">55993</subfield>
    <subfield code="d">2018-12-17</subfield>
    <subfield code="p">34784</subfield>
    <subfield code="r">2018-12-17</subfield>
    <subfield code="w">2018-12-17</subfield>
    <subfield code="y">BK</subfield>
  </datafield>
  <datafield tag="952" ind1=" " ind2=" ">
    <subfield code="0">0</subfield>
    <subfield code="1">0</subfield>
    <subfield code="4">0</subfield>
    <subfield code="7">0</subfield>
    <subfield code="9">55994</subfield>
    <subfield code="d">2018-12-17</subfield>
    <subfield code="p">34785</subfield>
    <subfield code="r">2018-12-17</subfield>
    <subfield code="w">2018-12-17</subfield>
    <subfield code="y">BK</subfield>
  </datafield>
  <datafield tag="952" ind1=" " ind2=" ">
    <subfield code="0">0</subfield>
    <subfield code="1">0</subfield>
    <subfield code="4">0</subfield>
    <subfield code="7">0</subfield>
    <subfield code="9">55995</subfield>
    <subfield code="d">2018-12-17</subfield>
    <subfield code="p">34786</subfield>
    <subfield code="r">2018-12-17</subfield>
    <subfield code="w">2018-12-17</subfield>
    <subfield code="y">BK</subfield>
  </datafield>
  <datafield tag="952" ind1=" " ind2=" ">
    <subfield code="0">0</subfield>
    <subfield code="1">0</subfield>
    <subfield code="4">0</subfield>
    <subfield code="7">0</subfield>
    <subfield code="9">55996</subfield>
    <subfield code="d">2018-12-17</subfield>
    <subfield code="p">47537</subfield>
    <subfield code="r">2018-12-17</subfield>
    <subfield code="w">2018-12-17</subfield>
    <subfield code="y">BK</subfield>
    <subfield code="z">12&#x10DA;.80&#x10D7;.</subfield>
  </datafield>
  <datafield tag="952" ind1=" " ind2=" ">
    <subfield code="0">0</subfield>
    <subfield code="1">0</subfield>
    <subfield code="4">0</subfield>
    <subfield code="7">0</subfield>
    <subfield code="9">55997</subfield>
    <subfield code="d">2018-12-17</subfield>
    <subfield code="p">47538</subfield>
    <subfield code="r">2018-12-17</subfield>
    <subfield code="w">2018-12-17</subfield>
    <subfield code="y">BK</subfield>
    <subfield code="z">12&#x10DA;.80&#x10D7;.</subfield>
  </datafield>
  <datafield tag="952" ind1=" " ind2=" ">
    <subfield code="0">0</subfield>
    <subfield code="1">0</subfield>
    <subfield code="4">0</subfield>
    <subfield code="7">0</subfield>
    <subfield code="9">55998</subfield>
    <subfield code="d">2018-12-17</subfield>
    <subfield code="p">47539</subfield>
    <subfield code="r">2018-12-17</subfield>
    <subfield code="w">2018-12-17</subfield>
    <subfield code="y">BK</subfield>
    <subfield code="z">12&#x10DA;.80&#x10D7;.</subfield>
  </datafield>
  <datafield tag="952" ind1=" " ind2=" ">
    <subfield code="0">0</subfield>
    <subfield code="1">0</subfield>
    <subfield code="4">0</subfield>
    <subfield code="7">0</subfield>
    <subfield code="9">55999</subfield>
    <subfield code="d">2018-12-17</subfield>
    <subfield code="p">47540</subfield>
    <subfield code="r">2018-12-17</subfield>
    <subfield code="w">2018-12-17</subfield>
    <subfield code="y">BK</subfield>
    <subfield code="z">12&#x10DA;.80&#x10D7;.</subfield>
  </datafield>
  <datafield tag="952" ind1=" " ind2=" ">
    <subfield code="0">0</subfield>
    <subfield code="1">0</subfield>
    <subfield code="4">0</subfield>
    <subfield code="7">0</subfield>
    <subfield code="9">56000</subfield>
    <subfield code="d">2018-12-17</subfield>
    <subfield code="p">47541</subfield>
    <subfield code="r">2018-12-17</subfield>
    <subfield code="w">2018-12-17</subfield>
    <subfield code="y">BK</subfield>
    <subfield code="z">12&#x10DA;.80&#x10D7;.</subfield>
  </datafield>
</record>
